| 000 | 00380nam a2200145Ia 4500 | ||
|---|---|---|---|
| 008 | 220204s9999 xx 000 0 und d | ||
| 082 |
_a581.2 _bMAT |
||
| 100 | _aMATHUR, R S | ||
| 245 | 0 | _aPlant diseases | |
| 260 |
_aNew Delhi _bNational Book Trust of India _c1969 |
||
| 650 | _aFibre crop disease | ||
| 650 | _aPlant disease | ||
| 650 | _aPlantation crop disease | ||
| 942 | _cBK | ||
| 999 |
_c29614 _d29614 |
||